| 000 | 01110nam0a22002531 4500 | ||
|---|---|---|---|
| 001 | rc\59681 | ||
| 005 | 20021216125823.2 | ||
| 010 |
_a5-7763-0500-4 _9600 |
||
| 035 | _a(NLR Aleph) 005335876 | ||
| 090 |
_a6640934 _c6640934 |
||
| 100 | _a20021216d1991 u |0rusy50 ca | ||
| 101 | 0 | _arus | |
| 102 | _aRU | ||
| 105 | _aa ||||||||| | ||
| 200 | 1 |
_aВзаимодействие песчаной формы с отливкой _e[Учеб. пособие для спец. "Литейн. пр-во чер. и цв. металлов"] _fМ-во высш. и сред. спец. образования УССР. Учеб.-метод. каб. по высш. образованию, Киев. политехн. ин-т им. 50-летия Великой Окт. соц. революции |
|
| 210 |
_aКиев _cУМКВО _d1991 |
||
| 215 |
_a75, [1] с. _cил. _d20 |
||
| 320 | _aБиблиогр.: с. 75 (8 назв.) | ||
| 700 | 1 |
_aДорошенко _bС. П. _gСтепан Пантелеевич |
|
| 801 | 0 |
_aRU _bNLR _gpsbo |
|
| 801 | 1 |
_aRU _bELAR _2rusmarc |
|
| 852 |
_aNLR _j91-4/10143 |
||
| 942 | _cBOOK | ||
| 980 | _aNB | ||